000 00808nam a2200205Ii 4500
003 JO-AjNU
008 230605s9999||||xx |||||||||||||| ||und||
017 _a2016/1917
040 _aJO-AjNU
_bara
_erda
_cJO-AjNU
041 _aara
050 1 4 _aHC 79 2016
100 3 _aمركز الرتوة للدراسات والاستشارات,
_eauthor
_956738
245 0 0 _aوقائع ندوة الحوار الفكري حول التنمية المستدامة 2015- 2030 ( اجندة دولية ام ضرورة وطنية)
264 3 1 _aبغداد: مركز الرتوة للدراسات والاستشارات، 2016
300 _a162ص
336 _atext
_btxt
_2rdacontent
337 _aunmediated
_bn
_2rdamedia
338 _avolume
_bnc
_2rdacarrier
650 4 _aالتنمية المستدامة
_956739
999 _aA25385
_c28953
_d28953